Capital monopolista y sociedad autoritaria (Record no. 40694)

MARC details
000 -LEADER
campo de control de longitud fija 00849nam a2200229 i 4500
001 - NÚMERO DE CONTROL
campo de control 40694
003 - IDENTIFICADOR DE NÚMERO DE CONTROL
campo de control ES-MaACL
005 - FECHA Y HORA DE LA ÚLTIMA TRANSACCIÓN
campo de control 20250824212145.0
007 - CAMPO FIJO DE DESCRIPCIÓN FÍSICA--INFORMACIÓN GENERAL
campo de control de longitud fija t|
008 - DATOS DE LONGITUD FIJA--INFORMACIÓN GENERAL
campo de control de longitud fija 030306s1973 sp ||||1| spa d
245 00 - MENCIÓN DEL TÍTULO
Título Capital monopolista y sociedad autoritaria
Resto del título : la involución autoritaria en la R.F.A. /
Mención de responsabilidad, etc. Abendroth... [et al.] ; prólogo, selección y presentación de Claudio Pozzoli ; [traducido por Ramiro Gual].
250 ## - MENCION DE EDICION
Mención de edición 1ª ed.
260 ## - PUBLICACIÓN, DISTRIBUCIÓN, ETC.
Lugar de publicación, distribución, etc. Barcelona :
Nombre del editor, distribuidor, etc. Fontanella,
Fecha de publicación, distribución, etc. 1973.
300 ## - DESCRIPCIÓN FÍSICA
Extensión 258 p. ;
Dimensiones 21 cm.
490 1# - MENCIÓN DE SERIE
Mención de serie Libros de confrontación. Sociología ;
Designación de volumen o secuencia 2
700 1# - ENTRADA AGREGADA--NOMBRE PERSONAL
Nombre de persona Abendroth, Wolfgang,
9 (RLIN) 18084
700 1# - ENTRADA AGREGADA--NOMBRE PERSONAL
Nombre de persona Pozzoli, Claudio.
9 (RLIN) 93568
700 1# - ENTRADA AGREGADA--NOMBRE PERSONAL
Nombre de persona Gual, Ramiro.
9 (RLIN) 60284
830 00 - PUNTO DE ACCESO ADICIONAL DE SERIE-TÍTULO UNIFORME
Título uniforme Libros de confrontación (Fontanella)
Designación de volumen o secuencia 2
9 (RLIN) 183492
852 ## - LOCALIZACIÓN
Ubicación ES-MaACL
Número de control de estantería C-52999
Sublocalización o colección R.86203
Holdings
Estatus retirado Estado de pérdida Estado de daño No para préstamo Biblioteca de origen Biblioteca actual Ubicación en estantería Fecha de adquisición Fuente de adquisición Total de préstamos Signatura topográfica completa Código de barras Visto por última vez Precio de reemplazo Tipo de ítem Koha
        Biblioteca del Ateneo de Madrid Biblioteca del Ateneo de Madrid Depósito 2 17/01/2008     C-52999 1042843 23/02/2023 23/02/2023 Libro impreso